Arquivo S / (Record no. 1245)

MARC details
000 -LÍDER
Campo Fixo de Controle 00915nam a2200265 a 4500
001 - NÚMERO DE CONTROLE
Campo de Controle 1245
003 - IDENTIFICAÇÃO DO NÚMERO DE CONTROLE
Campo de Controle BR-CuiBMT
005 - DATA E HORA DA ÚLTIMA ATUALIZAÇÃO
Campo de Controle 20231205002327.0
008 - DADOS FIXOS
Dados Fixos 231130s2015 dfba 001 0 por d
020 ## - INTERNATIONAL STANDARD BOOK NUMBER
Nº do ISBN 9788570186508
040 ## - AGÊNCIA CATALOGADORA
Código da Agência Catalogadora BR-CuiBMT
Agência que transcreveu o registro BR-CuiBMT
080 ## - Nº DA CLASSIFICAÇÃO DECIMAL UNIVERSAL
Nº Class. CDU 930.253
Subd. Auxiliar Comum (81)
Nº edição CDU 2007
090 ## - NÚMERO DE CHAMADA
Nº classificação 930.253(81)
Cutter W529a
100 1# - ENTRADA PRINCIPAL -- AUTOR PESSOAL
Nome pessoal Westin, Ricardo
245 10 - TÍTULO PRINCIPAL
Título principal Arquivo S /
Indicação de responsabilidade Ricardo Westin ; prefácio José Sarney.
260 ## - PUBLICAÇÃO, DISTRIBUIÇÃO, ETC.
Local de publicação Brasília :
Editora Senado Federal,
Data 2015.
300 ## - DESCRIÇÃO FÍSICA
N. páginas ou volumes 121 p. :
Ilustrações il. color. ;
Dimensões 23 cm
490 1# - INDICAÇÃO DE SÉRIE
Título da série O Senado na história do Brasil ;
Volume/designação sequencial da série v. 1
500 ## - NOTAS GERAIS
Notas gerais Reportagens publicadas pelo "Jornal do Senado" com base no acervo do arquivo do Senado Federal.
504 ## - NOTA DE BIBLIOGRAFIA, ETC.
Nota de bibliografia Inclui bibliografia e índice.
650 ## - ASSUNTO TÓPICO
Cabeçalho tópico ou nome geográfico Congresso Nacional
Subdivisão geral Senado Federal
-- História
Subdivisão geográfica Brasil
650 ## - ASSUNTO TÓPICO
Cabeçalho tópico ou nome geográfico Arquivo
Subdivisão geral Senado
Subdivisão geográfica Brasil
830 #0 - ENTRADA SECUNDÁRIA DE SÉRIE -- TÍTULO UNIFORME
Título uniforme O Senado na história do Brasil ;
Nº do volume/designação sequencial da série 1
942 ## - ELEMENTOS DE ENTRADA ADICIONAIS (KOHA)
Fonte de classificação ou esquema de arquivamento Classificação Decimal Universal
Tipo de item do Koha Livros
Holdings
Estado: removido Estado: perdido Fonte de classificação ou esquema de arquivamento Estado: danificado Indisponível para empréstimo Localização permanente Localização atual Data de aquisição Total Checkouts Número de Chamada completo Código de barras Date last seen Número do exemplar Preço efetivo a partir de Tipo de item (Koha)
    Classificação Decimal Universal     Biblioteca da Escola Superior de Contas do TCE/MT Biblioteca da Escola Superior de Contas do TCE/MT 01/12/2023   930.253(81) W529a BIBTCEMT23120047 01/12/2023 Ex. 1 01/12/2023 Livros

Powered by Koha